[Event "Mogliano Veneto op-B 34th"]
[Site "Mogliano Veneto"]
[Date "2013.04.28"]
[Round "5"]
[White "Sotter Klundt, Gerlinde"]
[Black "Gennari, Andrea"]
[Result "1-0"]
[WhiteElo "1803"]
[BlackElo "1654"]
[PlyCount "131"]
[EventDate "2013.04.25"]
[EventType "swiss"]
[EventRounds "6"]
[EventCountry "ITA"]
[SourceTitle "EXT 2015"]
[Source "ChessBase"]
[SourceDate "2014.11.20"]
[SourceVersion "1"]
[SourceVersionDate "2014.11.20"]
[SourceQuality "1"]

1. d4 Nf6 2. c4 e6 3. Nf3 Bb4+ 4. Nc3 d5 5. e3 0-0 6. Be2 c5 7. 0-0 Nc6 8. a3 Bxc3 9. bxc3 Qa5 10. Qc2 Rd8 11. Bb2 b6 12. cxd5 exd5 13. Nd2 c4 14. Bf3 Bd7 15. e4 dxe4 16. Nxc4 Qd5 17. Be2 Re8 18. Ne3 Qg5 19. c4 Bg4 20. Rad1 Bf3 21. Bc1 Rad8 22. Bxf3 exf3 23. Qf5 Qxf5 24. Nxf5 fxg2 25. Kxg2 Ne4 26. Be3 Nd6 27. Nxd6 Rxd6 28. Kh1 Re4 29. c5 Rd5 30. cxb6 axb6 31. Rc1 Re6 32. Rg1 Red6 33. Rb1 Nxd4 34. Rgc1 h6 35. Rc8+ Kh7 36. Rc7 Kg6 37. Rb7 Nb5 38. a4 Nc3 39. Rb4 Ra5 40. R7xb6 Rxb6 41. Rxb6+ f6 42. Bd2 Rc5 43. Ra6 Ne4 44. Be3 Rc4 45. a5 Nc5 46. Rc6 Ra4 47. Rxc5 Ra1+ 48. Kg2 Ra4 49. Rb5 Rg4+ 50. Kh1 Ra4 51. h3 f5 52. Rb6+ Kh5 53. a6 Kh4 54. Kg2 f4 55. Bc5 h5 56. Rg6 Re4 57. Rxg7 Re8 58. Be7+ Rxe7 59. Rxe7 f3+ 60. Kxf3 Kxh3 61. a7 h4 62. a8Q Kh2 63. Rh7 h3 64. Rxh3+ Kg1 65. Rg3+ Kf1 66. Qa1# 1-0

[Event "Wch Seniors 16th"]
[Site "Arvier"]
[Date "2006.09.16"]
[Round "6"]
[White "Santos, Julio Fernandes"]
[Black "Sotter Klundt, Gerlinde"]
[Result "1-0"]
[WhiteElo "2090"]
[BlackElo "1876"]
[PlyCount "43"]
[EventDate "2006.09.11"]
[EventType "swiss"]
[EventRounds "11"]
[EventCountry "ITA"]
[SourceTitle "CBM 114 Extra"]
[Source "ChessBase"]
[SourceDate "2006.11.03"]
[SourceVersion "1"]
[SourceVersionDate "2006.11.03"]
[SourceQuality "1"]

1. e4 e6 2. d4 d5 3. Nd2 Nf6 4. e5 Nfd7 5. Bd3 c5 6. c3 Nc6 7. Ne2 Qb6 8. Nf3 cxd4 9. cxd4 f6 10. exf6 Nxf6 11. 0-0 Bd6 12. Nc3 0-0 13. Re1 Re8 14. Bc2 Bd7 15. h3 a6 16. a3 Rac8 17. Qd3 Qd8 18. Bg5 Kf7 19. Ne5+ Kf8 20. Bxf6 gxf6 21. Qxh7 Bxe5 22. Bg6 1-0

[Event "EU-ch Seniors 06th"]
[Site "Davos"]
[Date "2006.08.08"]
[Round "4"]
[White "Sotter Klundt, Gerlinde"]
[Black "Zesiger, Horst"]
[Result "1-0"]
[WhiteElo "1876"]
[BlackElo "2085"]
[PlyCount "48"]
[EventDate "2006.08.05"]
[EventType "swiss"]
[EventRounds "9"]
[EventCountry "SUI"]
[SourceTitle "CBM 113 Extra"]
[Source "ChessBase"]
[SourceDate "2006.09.14"]
[SourceVersion "1"]
[SourceVersionDate "2006.09.14"]
[SourceQuality "1"]

1. d4 d5 2. c4 c6 3. e3 Bf5 4. Nc3 e6 5. Nf3 Nf6 6. cxd5 exd5 7. Be2 Nbd7 8. 0-0 Bd6 9. Bd2 Ne4 10. Nxe4 Bxe4 11. Bc3 Qc7 12. h3 0-0 13. Bd3 f5 14. Ng5 Rae8 15. Nxe4 fxe4 16. Be2 Nf6 17. a3 Qe7 18. b4 a6 19. Rc1 Nd7 20. Bb2 Qg5 21. g4 Rf6 22. Qe1 Ref8 23. Kg2 Rf3 24. Rc2 Qh4 1-0

[Event "EU-ch Seniors 06th"]
[Site "Davos"]
[Date "2006.08.07"]
[Round "3"]
[White "Schwertel, Johann"]
[Black "Sotter Klundt, Gerlinde"]
[Result "0-1"]
[WhiteElo "2063"]
[BlackElo "1876"]
[PlyCount "86"]
[EventDate "2006.08.05"]
[EventType "swiss"]
[EventRounds "9"]
[EventCountry "SUI"]
[SourceTitle "CBM 113 Extra"]
[Source "ChessBase"]
[SourceDate "2006.09.14"]
[SourceVersion "1"]
[SourceVersionDate "2006.09.14"]
[SourceQuality "1"]

1. d4 d5 2. Bg5 Nd7 3. Nf3 h6 4. Bh4 Ngf6 5. e3 e6 6. c3 Be7 7. Nbd2 0-0 8. Be2 b6 9. 0-0 c5 10. Rc1 Bb7 11. Re1 Ne4 12. Bxe7 Qxe7 13. Nxe4 dxe4 14. Nd2 Nf6 15. Nc4 Rfd8 16. Ne5 Nd7 17. f4 Nxe5 18. fxe5 Qg5 19. Bg4 Rac8 20. Qe2 Rc7 21. h3 Bd5 22. b3 c4 23. b4 b5 24. Ra1 a5 25. Reb1 Ra8 26. Rb2 axb4 27. Rxb4 Ra5 28. Rab1 Rca7 29. R1b2 Bc6 30. Qf2 Ra3 31. Qd2 R7a4 32. Bd1 Rxb4 33. Rxb4 Ra5 34. Kh2 Qd8 35. Qb2 Qg5 36. Qd2 Bd5 37. a4 bxa4 38. Bxa4 Ra8 39. Qf2 Qe7 40. Qf4 f6 41. exf6 Qxf6 42. Rb8+ Rxb8 43. Qxb8+ Qf8 0-1

[Event "Wch Seniors (Women) 14th"]
[Site "Halle"]
[Date "2004.10.30"]
[Round "7"]
[White "Sotter Klundt, Gerlinde"]
[Black "Kabanova, Irina"]
[Result "1/2-1/2"]
[WhiteElo "1650"]
[BlackElo "2044"]
[PlyCount "46"]
[EventDate "2004.10.24"]
[EventType "swiss"]
[EventRounds "9"]
[EventCountry "GER"]
[SourceTitle "EXT 2006"]
[Source "ChessBase"]
[SourceDate "2005.11.24"]
[SourceVersion "1"]
[SourceVersionDate "2005.11.24"]
[SourceQuality "1"]

1. Nf3 c5 2. e4 e6 3. d4 cxd4 4. Nxd4 a6 5. Be2 Nf6 6. Bf3 Qc7 7. 0-0 Nc6 8. Nxc6 dxc6 9. Nd2 e5 10. b3 Be6 11. Bb2 b5 12. Qe2 Be7 13. c4 b4 14. a3 bxa3 15. Bxa3 Bxa3 16. Rxa3 c5 17. Rfa1 a5 18. h3 0-0 19. Nf1 Rfd8 20. Ne3 Rd4 21. Nc2 Rdd8 22. Ne3 Rd4 23. Nc2 Rdd8 1/2-1/2

[Event "Hohenloher op 10th"]
[Site "Forchtenberg"]
[Date "2003.06.22"]
[Round "7"]
[White "Zikeli, Saskia"]
[Black "Sotter Klundt, Gerlinde"]
[Result "1-0"]
[WhiteElo "1702"]
[BlackElo "1609"]
[PlyCount "43"]
[EventDate "2003.06.19"]
[EventType "swiss"]
[EventRounds "7"]
[EventCountry "GER"]
[SourceTitle "EXT 2004"]
[Source "ChessBase"]
[SourceDate "2003.11.25"]
[SourceVersion "1"]
[SourceVersionDate "2003.11.25"]
[SourceQuality "1"]

1. e4 e6 2. d4 d5 3. Nc3 Nf6 4. Bg5 Be7 5. e5 Nfd7 6. h4 a6 7. Bxe7 Qxe7 8. f4 c5 9. Nf3 Nc6 10. Qd2 cxd4 11. Nxd4 Nxd4 12. Qxd4 Qc5 13. Qd2 b5 14. Ne2 Bb7 15. Nd4 Qb6 16. Be2 Rc8 17. c3 Nc5 18. Bf3 Ne4 19. Bxe4 dxe4 20. Qe3 g6 21. h5 Ke7 22. Nf5+ 1-0

[Event "Hohenloher op 10th"]
[Site "Forchtenberg"]
[Date "2003.06.21"]
[Round "6"]
[White "Sotter Klundt, Gerlinde"]
[Black "Walda, Michael"]
[Result "0-1"]
[WhiteElo "1609"]
[BlackElo "2007"]
[PlyCount "42"]
[EventDate "2003.06.19"]
[EventType "swiss"]
[EventRounds "7"]
[EventCountry "GER"]
[SourceTitle "EXT 2004"]
[Source "ChessBase"]
[SourceDate "2003.11.25"]
[SourceVersion "1"]
[SourceVersionDate "2003.11.25"]
[SourceQuality "1"]

1. d4 f5 2. c4 Nf6 3. Nc3 g6 4. Nf3 Bg7 5. e3 0-0 6. Be2 d6 7. 0-0 Qe8 8. Nd5 Na6 9. Nxf6+ Rxf6 10. a3 e5 11. Qc2 e4 12. Nd2 c5 13. b3 cxd4 14. exd4 Re6 15. Bb2 Bh6 16. d5 Re7 17. Bd4 f4 18. Bf6 f3 19. gxf3 exf3 20. Bxf3 Rf7 21. Qe4 Qf8 0-1

[Event "Hohenloher op 10th"]
[Site "Forchtenberg"]
[Date "2003.06.20"]
[Round "4"]
[White "Sotter Klundt, Gerlinde"]
[Black "Malzer, Werner"]
[Result "1-0"]
[WhiteElo "1609"]
[BlackElo "1874"]
[PlyCount "77"]
[EventDate "2003.06.19"]
[EventType "swiss"]
[EventRounds "7"]
[EventCountry "GER"]
[SourceTitle "EXT 2004"]
[Source "ChessBase"]
[SourceDate "2003.11.25"]
[SourceVersion "1"]
[SourceVersionDate "2003.11.25"]
[SourceQuality "1"]

1. d4 d5 2. Nf3 e6 3. c4 Nf6 4. Nc3 Be7 5. e3 0-0 6. Bd3 Nc6 7. a3 Bd7 8. 0-0 Rc8 9. b4 a5 10. b5 Nb8 11. c5 Ne8 12. Qc2 f5 13. Ne2 Nf6 14. Ne5 Qe8 15. a4 c6 16. Nf4 cxb5 17. axb5 b6 18. c6 g5 19. Nxd7 Nbxd7 20. Nxe6 Ne4 21. cxd7 Qxd7 22. Nxf8 Bxf8 23. Qb2 Bb4 24. Bxe4 Bc3 25. Bxd5+ Qxd5 26. Qa2 Rc4 27. Rb1 Qf7 28. Bd2 Bxd2 29. Qxd2 Rc7 30. Rfc1 Ra7 31. Rc6 Rb7 32. d5 Rd7 33. Rc8+ Kg7 34. Qd4+ Kh6 35. Rc6+ Kh5 36. Re6 a4 37. Rc1 Rc7 38. Rxc7 Qxc7 39. h3 1-0